| 000 | 01101nam a22002897a 4500 | ||
|---|---|---|---|
| 001 | BD-DhSAU 8868 | ||
| 003 | BD-DhSAU | ||
| 005 | 20181220110427.0 | ||
| 008 | 150420b2011 bg ||||| m||| 00| 0 eng d | ||
| 040 | _aBD-DhSAU | ||
| 082 |
_222 _a635 _bSa313 |
||
| 100 |
_eRegistration # 05-01787 _aSalam, Sanjida Binta |
||
| 245 |
_aMorphological characterization and variability study of potato germplasm / _bMS thesis _cSanjida Binta Salam |
||
| 260 |
_aSher-e-Bangla Agricultural University : _bDepartment of Horticulture, _c2011. |
||
| 300 |
_aviii, 74 p. : _c30 cm. _bill. ; |
||
| 500 | _aMS thesis of Department of Horticulture, Faculty of Agriculture, Sher-e-Bangla Agricultural University, Dhaka | ||
| 504 | _aIncludes bibliographical reference. | ||
| 590 | _aJerin | ||
| 650 | _aHorticulture | ||
| 650 | _apotato | ||
| 650 | _aMorphology | ||
| 650 | _avariability study | ||
| 700 |
_aHossain, Md. Ismail _eSuperviser |
||
| 700 |
_aHoque, Md. Ekramul _eCo-superviser |
||
| 856 | _uhttp://archive.saulibrary.edu.bd:8080/xmlui/handle/123456789/505 | ||
| 942 |
_2ddc _cTHESIS |
||
| 999 |
_c8868 _d8868 |
||